[Event "Steinfurt Bezirksliga 0405"]
[Site "Germany"]
[Date "2005.02.05"]
[Round "6.4"]
[White "Lachmuth, Mathias"]
[Black "Koetter, Volkmar"]
[Result "1/2-1/2"]
[WhiteElo "1734"]
[BlackElo "1744"]
[PlyCount "95"]
[EventDate "2004.09.25"]
[EventType "team-tourn"]
[EventRounds "11"]
[EventCountry "GER"]
[SourceTitle "EXT 2006"]
[Source "ChessBase"]
[SourceDate "2005.11.24"]
[SourceVersion "1"]
[SourceVersionDate "2005.11.24"]
[SourceQuality "1"]
[WhiteTeam "Emsdetten Rochade II"]
[BlackTeam "Westerkappeln"]
[WhiteTeamCountry "GER"]
[BlackTeamCountry "GER"]

1. Nf3 c5 2. b3 Nf6 3. Bb2 e6 4. e3 d5 5. Be2 Be7 6. 0-0 0-0 7. Ne5 Nbd7 8. f4 Qc7 9. d4 a6 10. Nd2 b5 11. Ndf3 c4 12. c3 Nb6 13. Ng5 Bd7 14. Bh5 Be8 15. Bg4 h6 16. Nh3 Ne4 17. Bf3 Nd6 18. Be2 f6 19. Nf3 Bg6 20. Nh4 Bh7 21. Bh5 Nf5 22. Nxf5 Bxf5 23. Bg4 Bxg4 24. Qxg4 f5 25. Qh5 a5 26. Rf3 a4 27. b4 a3 28. Bc1 Na4 29. Bd2 Qd7 30. Rg3 Rf6 31. Kh1 Qe8 32. Qxe8+ Rxe8 33. Ng1 Rf7 34. Nf3 Bf6 35. h4 Nb6 36. h5 Nd7 37. Rh3 Bd8 38. Ne5 Nxe5 39. dxe5 Bb6 40. Rg1 Kh7 41. g4 fxg4 42. Rxg4 Rf5 43. Kg2 Rf7 44. Rg6 Rf5 45. Rg4 Rf7 46. Kf3 Rfe7 47. Rhg3 Rf7 48. Rg1 1/2-1/2

[Event "Steinfurt Bezirksliga 0405"]
[Site "Germany"]
[Date "2004.10.30"]
[Round "2.4"]
[White "Tillack, Jan"]
[Black "Koetter, Volkmar"]
[Result "0-1"]
[WhiteElo "1548"]
[BlackElo "1744"]
[PlyCount "87"]
[EventDate "2004.09.25"]
[EventType "team-tourn"]
[EventRounds "11"]
[EventCountry "GER"]
[SourceTitle "EXT 2006"]
[Source "ChessBase"]
[SourceDate "2005.11.24"]
[SourceVersion "1"]
[SourceVersionDate "2005.11.24"]
[SourceQuality "1"]
[WhiteTeam "Emsdetten Rochade III"]
[BlackTeam "Westerkappeln"]
[WhiteTeamCountry "GER"]
[BlackTeamCountry "GER"]

1. e4 c5 2. Nf3 d6 3. d4 cxd4 4. Nxd4 Nf6 5. Nc3 g6 6. Nf3 Nc6 7. Bd3 Bg7 8. 0-0 0-0 9. h3 Bd7 10. Re1 Rc8 11. a3 Na5 12. Rb1 Nc4 13. Nd2 Be6 14. f4 Nh5 15. Nxc4 Bxc4 16. Bxc4 Rxc4 17. Qd3 Bxc3 18. bxc3 Qc7 19. Bd2 Rc8 20. g3 b6 21. Kg2 Qc6 22. Rb4 Nf6 23. Rxc4 Qxc4 24. Qxc4 Rxc4 25. e5 dxe5 26. Rxe5 Re4 27. Rxe4 Nxe4 28. Be1 f5 29. Kf3 Kf7 30. Ke2 Ke6 31. c4 Kd6 32. Kd3 a5 33. a4 Nc5+ 34. Kc3 Nxa4+ 35. Kb3 Nc5+ 36. Kc3 e5 37. h4 e4 38. Kd4 Ne6+ 39. Kc3 Kc6 40. Bf2 b5 41. Kb3 Nc5+ 42. Kb2 Na4+ 43. Kc1 Nc3 44. Bg1 0-1

[Event "Steinfurt Bezirksliga 0203"]
[Site "Germany"]
[Date "2003.04.26"]
[Round "8.5"]
[White "Richter, Michael2222"]
[Black "Koetter, Volkmar"]
[Result "0-1"]
[WhiteElo "1652"]
[BlackElo "1722"]
[PlyCount "102"]
[EventDate "2002.09.14"]
[EventType "team-tourn"]
[EventRounds "9"]
[EventCountry "GER"]
[SourceTitle "EXT 2004"]
[Source "ChessBase"]
[SourceDate "2003.11.25"]
[SourceVersion "1"]
[SourceVersionDate "2003.11.25"]
[SourceQuality "1"]
[WhiteTeam "Reckenfeld"]
[BlackTeam "Westerkappeln"]
[WhiteTeamCountry "GER"]
[BlackTeamCountry "GER"]

1. d4 Nf6 2. c4 e6 3. Nf3 b6 4. g3 Bb7 5. Bg2 Be7 6. 0-0 0-0 7. Nc3 Ne4 8. Nxe4 Bxe4 9. Ne1 Bxg2 10. Nxg2 d5 11. Qd3 c5 12. Be3 Nc6 13. Rfd1 cxd4 14. Bxd4 e5 15. Bc3 d4 16. Be1 Qc7 17. f4 Bd6 18. e3 Rad8 19. Kf1 Bc5 20. e4 f6 21. a3 a5 22. Rac1 g6 23. Qf3 f5 24. exf5 Rxf5 25. g4 Rff8 26. f5 Qd6 27. Bg3 Qd7 28. Ne3 gxf5 29. gxf5 Qc8 30. Qg4+ Kh8 31. f6 Rxf6+ 32. Kg2 dxe3 33. Rxd8+ Qxd8 34. Rd1 Bd4 35. Bh4 Qf8 36. Bxf6+ Qxf6 37. Qc8+ Kg7 38. Qg4+ Qg6 39. Qxg6+ Kxg6 40. b3 e4 41. b4 axb4 42. axb4 e2 43. Re1 Nxb4 44. Rxe2 e3 45. Kf3 Nc6 46. Ke4 Bc5 47. Rb2 Na5 48. Kd3 Kf5 49. Rc2 Nc6 50. Rc1 Ne5+ 51. Ke2 Ke4 0-1

[Event "Steinfurt Bezirksliga 0203"]
[Site "Germany"]
[Date "2003.02.22"]
[Round "6.4"]
[White "Koetter, Volkmar"]
[Black "Pohlmeier, Ulrich"]
[Result "1-0"]
[WhiteElo "1722"]
[BlackElo "1621"]
[PlyCount "35"]
[EventDate "2002.09.14"]
[EventType "team-tourn"]
[EventRounds "9"]
[EventCountry "GER"]
[SourceTitle "EXT 2004"]
[Source "ChessBase"]
[SourceDate "2003.11.25"]
[SourceVersion "1"]
[SourceVersionDate "2003.11.25"]
[SourceQuality "1"]
[WhiteTeam "Westerkappeln"]
[BlackTeam "Mesum"]
[WhiteTeamCountry "GER"]
[BlackTeamCountry "GER"]

1. e4 e5 2. Nf3 Nc6 3. Bc4 Bc5 4. b4 Bxb4 5. c3 Ba5 6. d4 exd4 7. 0-0 Qf6 8. e5 Qg6 9. cxd4 d6 10. Qe2 Nge7 11. exd6 cxd6 12. Bg5 Bg4 13. Bxe7 Bxf3 14. Qxf3 Kxe7 15. Ba6 Nxd4 16. Qxb7+ Kf6 17. Qd5 Ne2+ 18. Bxe2 1-0